| 000 | 01000cam a22003257a 4500 | ||
|---|---|---|---|
| 003 | CHAP | ||
| 005 | 20220329140323.0 | ||
| 008 | 971013s1899 r 00010 d | ||
| 010 | _a50349 | ||
| 011 | _a51321 | ||
| 035 | _a55471 | ||
| 040 | _cCHAP | ||
| 082 |
_a633.34 _bW5 |
||
| 100 | 0 | 0 |
_aPittier, Henri Francois. _988597 |
| 245 | 1 | 3 |
_aEl caucho _b: las plantas que lo producen y su cultivo |
| 260 |
_aMéxico : _bSecretaría de Fomento, _c1899 |
||
| 300 | _a35 p. | ||
| 490 | 0 | _aBiblioteca agrícola | |
| 500 | _aEncuadernado con: Williams, T.A. La soya | ||
| 590 |
_aBATCH-UPD _b10 _c20130110 _lUCH01 _h0520 |
||
| 590 |
_aBATCH-UPD _b10 _c20130110 _lUCH01 _h2231 |
||
| 590 |
_aBATCH-UPD _b10 _c20130410 _lUCH01 _h0159 |
||
| 590 |
_aBATCH-UPD _b10 _c20130914 _lUCH01 _h0901 |
||
| 590 |
_aCONVERSION _b10 _c20130109 _lUCH01 _h1327 |
||
| 650 | 1 | 4 |
_aCaucho. _920537 |
| 830 | 0 |
_aBiblioteca agrícola _912227 |
|
| 901 | _aBK | ||
| 942 | _cLIBRO | ||
| 949 |
_a633.34 W5 _bBC _cBPP _d-121665 _eBPP _i55471 _si |
||
| 999 |
_c50349 _d50349 |
||